Abécédaire de Noël - Statistiques

Statistiques générales
  • Ce quiz a été pris 687 fois
  • Le résultat moyen est 15 sur 26
Statistiques - réponses
Hint Réponse % Correct
Mois durant lequel on fête Noël Décembre
96%
Noël en est une Fête
94%
Période précédant l’arrivée de Noël Avent
90%
Elle peut être parfumée et symbolise à Noël la lumière, l’espoir et la chaleur Bougie
87%
Elles ornent le sapin Guirlandes
87%
On célèbre celle de Jésus le 25 décembre Naissance
86%
Personnage emblématique de Noël (2 mots) Père Noël
85%
Moyen de transport qui glisse sur la neige Luge
81%
Terme désignant spécifiquement la soirée précédant le jour de Noël Réveillon
80%
Donner en cadeau Offrir
79%
Celui de Strasbourg est le plus ancien de France. (3 mots) Marché de Noël
78%
Celles d’hiver débutent un peu avant Noël pour les écoliers Vacances
74%
Abréviation de "Christmas" Xmas
67%
Nombre de desserts servis à Noël selon la tradition provençale Treize
60%
S’il fait ce nombre de degrés, il neigera dehors Zéro
58%
Eclairages visibles dans les rues à Noël Illuminations
56%
Mot prenant un X au pluriel et qui fait le bonheur des enfants à Noël Joujou
53%
Dans ce pays, le menu de Noël est composé de 12 plats sans viande, dont la "koutia" qui débute ce repas. Ukraine
41%
Saint fêté le 26 décembre, jour férié en Alsace et en Moselle. Etienne
32%
On peut en servir à l’apéritif pour Noël, souvent en format mini. Quiche
31%
Pour Noël, vous pouvez proposer au menu un bœuf… Wellington
25%
Décoration pour le sapin, qui peut désigner aussi des vermicelles (en 3 mots) Cheveux d'ange
18%
Fabergé, célèbre pour ses œufs, avait un prénom composé : Pierre-K… Karl
18%
Prénom du boulanger devenu champion de trail, ayant pour nom de famille Noël Yannick
15%
Code postal du bureau de poste du Père Noël au Pôle Nord Hohoho
13%
Biscuits sablés lorrains, appelés bredele en Alsace Spritz
3%
Aucun quiz correspondant
Distribution des résultats
% des personnes avec chaque résultat
Percentile par nombre de réponses
Votre historique - résultats
Vous n’avez pas pris ce quiz